Introduction to the constitution of India. (Record no. 733)

MARC details
000 -LEADER
fixed length control field 00555cam a2200205ua 4500
001 - CONTROL NUMBER
control field 808
005 - DATE AND TIME OF LATEST TRANSACTION
control field 20260515113228.0
008 - FIXED-LENGTH DATA ELEMENTS--GENERAL INFORMATION
fixed length control field 141204n ii |||gr||||Z||||||eng
040 ## - CATALOGING SOURCE
Transcribing agency MAIN
041 ## - LANGUAGE CODE
Language code of text/sound track or separate title eng
082 ## - DEWEY DECIMAL CLASSIFICATION NUMBER
Classification number 342.54
245 ## - TITLE STATEMENT
Title Introduction to the constitution of India.
Statement of responsibility, etc. By Durga Das Basu.
250 ## - EDITION STATEMENT
Edition statement 6th.
260 ## - PUBLICATION, DISTRIBUTION, ETC.
Place of publication, distribution, etc. New Delhi.:
Name of publisher, distributor, etc. Prentice hall of India.,976.
300 ## - PHYSICAL DESCRIPTION
Extent xviii, 395 p.:
Dimensions 25 cm.
653 ## - INDEX TERM--UNCONTROLLED
Uncontrolled term Political science.
653 ## - INDEX TERM--UNCONTROLLED
Uncontrolled term Introduction to the constitution of India.
700 ## - ADDED ENTRY--PERSONAL NAME
Personal name Basu, Durga Das.,
942 ## - ADDED ENTRY ELEMENTS (KOHA)
Koha item type Books
Holdings
Withdrawn status Lost status Damaged status Not for loan Home library Current library Shelving location Date acquired Total checkouts Full call number Barcode Date last seen Copy number Price effective from Koha item type
        Naharkatiya College Library Naharkatiya College Library General stacks 09/19/2020   342.54 | BAS 467 09/19/2020 1 09/19/2020 Books